|
|
|
|
| LEADER |
00000nam a2200000 i 4500 |
| 001 |
1/78357 |
| 008 |
960821s1964 gre d |
| 035 |
|
|
|a 1993
|b 1
|c Χιωτάκης
|l 10032902
|
| 040 |
|
|
|a GR-MY-UA
|b gre
|e aacr
|
| 041 |
0 |
|
|a gre
|
| 082 |
0 |
|
|a 324.2495
|
| 100 |
1 |
|
|a Meynaud, Jean.
|
| 245 |
1 |
0 |
|a Πολιτικές δυνάμεις στην Ελλάδα /
|c J. Meynaud ; με τη συνεργασία Π. Μερλόπουλου και Γ. Νοταρά
|
| 260 |
|
|
|a [χ.τ.] :
|b Μπάυρον,
|c [1964]
|
| 300 |
|
|
|a 2 τ.
|
| 505 |
0 |
|
|a τ.2: Η βασιλική εκτροπή από τον κοινοβουλευτισμό του Ιουλίου του 1965
|
| 650 |
0 |
0 |
|a Political parties
|z Greece.
|
| 651 |
|
0 |
|a Greece
|x Politics and government
|y 20th century.
|
| 651 |
|
0 |
|a Greece
|x History
|y 20th century.
|
| 700 |
1 |
|
|a Μερλόπουλος, Π.
|4 edt
|
| 700 |
1 |
|
|a Νοταράς, Γιώργος.
|4 edt
|
| 852 |
|
|
|a INST
|b RHODES
|e 19960821
|h 324.2495 MEY
|p 005400009775
|q 005400009775
|t BK
|y 0
|z τ.2
|
| 852 |
|
|
|a INST
|b RHODES
|e 19960821
|h 324.2495 MEY
|p 005400009808
|q 005400009808
|t BK
|y 0
|z τ.1
|
| 852 |
|
|
|a INST
|b RHODES
|e 19960821
|h 324.2495 MEY
|p 005400009775
|q 005400009775
|t BK
|v τ.2:
|y 0
|z τ.2
|
| 852 |
|
|
|a INST
|b RHODES
|e 19960821
|h 324.2495 MEY
|p 005400009808
|q 005400009808
|t BK
|v τ.1:
|y 0
|z τ.1
|
| 853 |
|
|
|a INST
|b RHODES
|h 324.2495 MEY
|
| 909 |
|
|
|a Ρ
|b 025848
|c 1993
|
| 909 |
|
|
|a Ρ
|b 025849
|c 1993
|